Early to school : four years old in infant classes

Saved in:
Bibliographic Details
Main Author: Cleave, Shirley
Other Authors: Brown, Sandra
Format: Book
Language:English
Published: London : NFER/Routledge, 1991
Subjects:
Tags: Add Tag
No Tags, Be the first to tag this record!

MARC

LEADER 00000nam a2200000 i 4500
001 1/91945
008 991108s1991 eng d
020 |a 0-415-08456-3 
035 |l 10053835 
040 |a GR-MY-UA  |b gre  |e aacr 
041 0 |a eng 
082 0 |a 372.210941 
100 1 |a Cleave, Shirley. 
245 1 0 |a Early to school :  |b four years old in infant classes /  |c Shirley Cleave, Sandra Brown 
260 |a London :   |b NFER/Routledge,   |c 1991 
300 |a 279 p. 
650 0 0 |a Education, Preschool  |z Great Britain. 
650 0 0 |a Preschool teaching  |z Great Britain. 
700 1 |a Brown, Sandra. 
852 |a INST  |b RHODES  |e 19991108  |h 372.210941 CLE  |p 005400011958  |q 005400011958  |t BK  |y 0 
901 |a BIBL4-1999-3 
909 |a Ρ  |b 068316 
922 |a 4ΕΛΗ  |b 199908  |c ΚΠΣ/154  |d GLORY BOOKS 
970 |a ΚΟΥΛΑΚΙΟΤΗ  |b ΛΙΤΣΑ  |z 1999/11/08